Loading...

Principle-centered leadership

Bibliographic Details
Main Author: Covey, Stephen R
Format: Printed Book
Published: Simon & Schuster: London 1992
Subjects:
LEADER 00526nam a2200193 4500
020 |a 671711350  |c 414.50 
082 |a 658.3L COV 
100 |a Covey, Stephen R 
245 |a Principle-centered leadership  |c Covey, Stephen R 
250
260 |a Simon & Schuster: London  |c 1992 
300 |a 334 p 
490
500
590
650 |a Leadership 
942 |c BK 
999 |c 133360  |d 133360 
952 |0 0  |1 0  |4 0  |6 658_000000000000000_3L_COV  |7 0  |9 146820  |a IMK  |b IMK  |g 414.50  |l 0  |o 658.3L COV  |p IMK00457  |r 2019-10-25  |w 2019-10-25  |y BK